| 000 | 00865nam a22002897a 4500 | ||
|---|---|---|---|
| 001 | 200462258 | ||
| 003 | TR-AnTOB | ||
| 005 | 20240809102912.0 | ||
| 008 | 240809b tu ||||| |||| 00| 0 tur d | ||
| 020 | _a9786053419754 | ||
| 040 |
_aTR-AnTOB _beng _erda _cTR-AnTOB |
||
| 041 | _atur | ||
| 092 |
_a808.068 _bBRİ 2023 |
||
| 100 | 1 |
_aBright, Rachel _eAuthor _9144597 |
|
| 245 |
_aSevgi canavarı ve gecenin sürprizi _cRachel Bright; Translator ; Ezgi İnanç |
||
| 250 | _a1.bs. | ||
| 260 |
_aİstanbul : _bBinbir Çiçek ; _c2023. |
||
| 300 |
_a32 Pages : _bill. ; _c22 cm. |
||
| 336 |
_atext _btxt _2rdacontent |
||
| 337 |
_aunmediated _bn _2rdamedia |
||
| 338 |
_avolume _bnc _2rdacarrier |
||
| 653 | _aÇocuk edebiyatı | ||
| 700 | 1 |
_aİnanç, Ezgi _eTranslator. _9144599 |
|
| 942 |
_2ddc _cBK |
||
| 999 |
_c200462258 _d80470 |
||